Мафин и его веселые друзья: сказки; [для детей]

Dades bibliogràfiques
Autor principal: Хогарт Э. Энн
Altres autors: Образцова О. (переводчик), Шанько Н.
Idioma:rus
Publicat: Ярославль, Верхне-Волжское книжное изд-во, 1992
Matèries:
Format: MixedMaterials Llibre
KOHA link:https://koha.lib.tpu.ru/cgi-bin/koha/opac-detail.pl?biblionumber=155095

MARC

LEADER 00000nam0a2200000 4500
001 155095
005 20231031152213.0
010 |a 5741504043 
020 |a RU  |b 92-28823 
035 |a (RuTPU)RU\TPU\book\168246 
090 |a 155095 
100 |a 20090311d1992 d y0rusy5003 ca 
101 1 |a rus  |c eng 
102 |a RU 
105 |a a z 000ay 
200 1 |a Мафин и его веселые друзья  |e сказки   |e [для детей]  |f Э. Хогарт  |g пер. с англ. О. Образцова ; Н. Шанько 
210 |a Ярославль  |c Верхне-Волжское книжное изд-во  |d 1992 
215 |a 128 с.  |c ил.  |d 21 см 
610 1 |a Сказки английские 
610 1 |a детская литература 
675 |a 82  |z rus 
700 1 |a Хогарт  |b Э.  |g Энн  |4 070 
702 1 |a Образцова  |b О.  |4 730 
702 1 |a Шанько  |b Н.  |4 730 
801 0 |a RU  |b RuMRKP  |c 19950417  |g psbo 
801 1 |a RU  |b 63413507  |c 20090311  |g PSBO 
801 2 |a RU  |b 63413507  |c 20090311  |g PSBO 
942 |c BK